Зубчатые и червячные передачи: библиографический указатель отечественной литературы

Bibliografiset tiedot
Päätekijä: Авдеенко Г. С.
Yhteisötekijä: Центральная научно-техническая библиотека станкостроительной и инструментальной промышленности
Muut tekijät: Вулгаков Э. Б. (редактор)
Yhteenveto:Исключено из фонда НТБ ТПУ
Kieli:venäjä
Julkaistu: Москва, НИИМАШ, 1970
Aineistotyyppi: MixedMaterials Kirja
KOHA link:https://koha.lib.tpu.ru/cgi-bin/koha/opac-detail.pl?biblionumber=102260

MARC

LEADER 00000nam0a2200000 4500
001 102260
005 20231101214422.0
035 |a (RuTPU)RU\TPU\book\110269 
090 |a 102260 
100 |a 20060921d1970 k y0rusy50 ca 
101 0 |a rus 
102 |a RU 
105 |a y a 001zy 
200 1 |a Зубчатые и червячные передачи  |e библиографический указатель отечественной литературы  |f Г. С. Авдеенко  |g Центральная научно-техническая библиотека станкостроительной и инструментальной промышленности; под ред. Э. Б. Вулгакова 
210 |a Москва  |c НИИМАШ  |d 1970 
215 |a 111 с. 
320 |a Имен. указ.: с. 99-108 
333 |a Исключено из фонда НТБ ТПУ 
700 1 |a Авдеенко  |b Г. С. 
702 1 |a Вулгаков  |b Э. Б.  |4 340 
712 0 2 |a Центральная научно-техническая библиотека станкостроительной и инструментальной промышленности  |9 24802 
801 1 |a RU  |b 63413507  |c 20060921  |g PSBO 
801 2 |a RU  |b 63413507  |c 20210610  |g PSBO 
942 |c BK